000 00400nam a22001577a 4500
020 _a0-439-22761-5
082 _a823
_bPAR/J
100 _aPARK, BARBARA
245 _aJUNIE B. JONES IS NOT A CROOK
_bSHORT STORY
246 _aJUNIE B. JONES IS NOT A CROOK
_bSHORT STORY
260 _aNEW YORK
_bSCHOLASTIC INC.
_c1997
300 _a67
520 _aSHORT STORY
650 _aSHORT STORY
942 _cBK
999 _c2748
_d2748